logo

Bir Sreshtho Munshi Abdur Rouf Library
Jhenaidah Cadet College

Attitudes and interests in Education / (Record no. 5536)

MARC details
000 -LEADER
fixed length control field 00610nam a2200229 a 4500
001 - CONTROL NUMBER
JCCL Control Number 5536
003 - CONTROL NUMBER IDENTIFIER
JCCL marc code BD-JhCC
005 - DATE AND TIME OF LATEST TRANSACTION
control field 20171217193402.0
008 - FIXED-LENGTH DATA ELEMENTS--GENERAL INFORMATION
fixed length control field 171217s1965 e |||| || | 001 0 eng d
035 ## - SYSTEM CONTROL NUMBER
system control number (BD-JhCC)5536
040 ## - CATALOGING SOURCE
Original cataloging agency BD-JhCC
Modifying agency BD-JhCC
041 ## - LANGUAGE CODE
Language code of Book eng
082 ## - DEWEY DECIMAL CLASSIFICATION NUMBER
Classification number 370.153
Author mark and Year EVA 1965
100 ## - MAIN ENTRY--PERSONAL NAME
Personal name Evans, K. M.
245 ## - TITLE STATEMENT
Title Attitudes and interests in Education /
Statement of responsibility, etc K. M. Evans,
260 ## - PUBLICATION, DISTRIBUTION, ETC. (IMPRINT)
Place of publication, distribution, etc London :
Name of publisher, distributor, etc Routledge & Kegan Paul,
Date of publication, distribution, etc 1965.
300 ## - PHYSICAL DESCRIPTION
Pagination 168 p. :
Dimensions 19 cm.
504 ## - BIBLIOGRAPHY, ETC. NOTE
Bibliography, etc includes index and Bibliography
650 ## - SUBJECT ADDED ENTRY--TOPICAL TERM
Topical term or geographic name as entry element Attitude(psychology)
942 ## - ADDED ENTRY ELEMENTS (KOHA)
Source of classification or shelving scheme Dewey Decimal Classification
Koha item type Books
Holdings
Source of classification or shelving scheme Damaged status Not for loan Home library Current library Shelving location Total Checkouts Full call number Barcode Date last seen Copy number Koha item type
Dewey Decimal Classification     JCC Rouf Library JCC Rouf Library General Stacks   370.153 EVA 1965 7485 12/17/2017 C - 1 Books

JCC Library | Contacts | JCC Home

Last Update on 23 September 2017
Copyright @ 2017-2020 JCC Rouf Library
Rouf Library, Jhenidah Cadet College (JCC), Bangladesh